00672nam a2200193Ia 4500008004100000020001500041041001200056082001600068100001400084245011200098250000800210260002500218300000800243650001600251700001700267942000700284999001500291952017200306221030s9999 xx 000 0 und d a8120304098 aEnglish a105.23bLiu aY. C. Liu 0aMicrocomputer Systems : The 8086/ 8088 Family Architecture Programming & Designcby Y. C. Liu, G. A. Gibson a2nd bPHIaNew Delhic1999 a623 aBE Computer aG. A. Gibson cBK c2548d2548 pBE 1513g175.00l0o105.23 Liur2024-06-13 00:00:00w2022-10-30yBK003Print4070aMIETLIBbMIETLIBcBL-Academic Block C, FL-2, CUP-126, SH-2, R-2d2000-05-0810HBE